| 000 | nam a22 7a 4500 | ||
|---|---|---|---|
| 999 |
_c21290 _d21290 |
||
| 008 | 170121b xxu||||| |||| 00| 0 eng d | ||
| 020 | _a9781933107035 | ||
| 050 | _aRT 55 .R54 2004 | ||
| 100 |
_aTreas, Leslie Schaaf _d2004. |
||
| 245 |
_aRegistered nurse medical-surgical review module/ _cLeslie S Treas; Renee Cantwell |
||
| 260 |
_aOverland Park, Kan. : _bAssessment Technologies, _c2004. |
||
| 300 |
_ax, 968 pages ; _bill.; _c22cm. |
||
| 521 | _aIncludes index. | ||
| 650 | _aNursing -- Examinations, questions, etc. | ||
| 650 | _aPerioperative Nursing. | ||
| 650 | _aOperating Room Nursing. | ||
| 700 | _acontributors, Renee Cantwell [and others] ; editor, Leslie Schaaf Treas. | ||
| 942 |
_2lcc _cBOOKS _hRT 55 .R54 2004 |
||